banner-ar

موسوعة الحضارة المسيحية / (Record no. 62187)

MARC details
000 -الفاتح
حقل البيانات ثابتة الطول 03063nam a22002777a 4500
005 - وقت وتاريخ اخر تعامل مع التسجيلة
رقم الضبط 20240530110537.0
008 - عناصر البيانات ثابتة الطول - معلومات عامة
حقل البيانات ثابتة الطول 160414s2010 le g e 00| 0 ara d
020 ## - الرقم الدولى المعيارى للكتب
الرقم الدولى المعيارى للكتاب 9786144030653
040 ## - مصدر الفهرسة
وكالة الفهرسة الأصلية EG-CaGPL
082 04 - رقم تصنيف ديوى العشرى
رقم الطبعة 21
رقم التصنيف 270.3\
رقم المادة ج م
100 0# - المدخل الرئيسى - إسم شخصى
الإسم الشخصى جورج فيليب الفغالى
245 10 - بيان العنوان
العنوان موسوعة الحضارة المسيحية /
بيان المسئوليه,etc جورج فيليب الفغالى
رقم الجزء/قسم العمل المجلد الاول
اسم جزء/قسم العمل ولادة المسيحية و نشاتها .
رقم الجزء/قسم العمل المجلد الثانى
اسم جزء/قسم العمل انتشار المسيحية .
رقم الجزء/قسم العمل المجلد الثالث
اسم جزء/قسم العمل عشرة قرون من الحضارة المسيحية .
رقم الجزء/قسم العمل المجلد الرابع
اسم جزء/قسم العمل الامبراطورية البيزنطية و الغرب المسيحى .
رقم الجزء/قسم العمل المجلدالخامس
اسم جزء/قسم العمل المسيحية فى بلاد العرب خلال فجر الاسلام .
رقم الجزء/قسم العمل المجلد السادس
اسم جزء/قسم العمل المسيحية و الاسلام .
رقم الجزء/قسم العمل المجلد السابع
اسم جزء/قسم العمل المسيحية و الامبراطورية الرومانية .
رقم الجزء/قسم العمل المجلد الثامن
اسم جزء/قسم العمل المسيحية و العالم الاوربى .
رقم الجزء/قسم العمل المجلد التاسع
اسم جزء/قسم العمل صراع المسيحية مع الشرق الاسلامى .
رقم الجزء/قسم العمل المجلد الحادى عشر
اسم جزء/قسم العمل المسيحية الاوربية فى عصر النهضة .
رقم الجزء/قسم العمل المجلد الثانى عشر
اسم جزء/قسم العمل المسيحية الغربية و عصور التنور .
رقم الجزء/قسم العمل المجلد الثالث عشر
اسم جزء/قسم العمل القرون الحديثة : المسيحية فى اوربا - 1 - .
رقم الجزء/قسم العمل المجلد الرابع عشر
اسم جزء/قسم العمل القرون الحديثة : المسيحية فى اوربا - 2 - .
رقم الجزء/قسم العمل المجلد الخامس عشر
اسم جزء/قسم العمل التحولات فى اوروبا المسيحية .
رقم الجزء/قسم العمل المجلد السادس عشر
اسم جزء/قسم العمل العالم المسيحى بعد الحرب العالمية الثانية .
رقم الجزء/قسم العمل المجلد السابع عشر
اسم جزء/قسم العمل الحضارة السريانية - 1 - .
رقم الجزء/قسم العمل المجلد الثامن عشر
اسم جزء/قسم العمل الحضارة السريانية - 2 - .
رقم الجزء/قسم العمل المجلد التاسع عشر
اسم جزء/قسم العمل الحضارة المارونية.
رقم الجزء/قسم العمل المجلد العشرون
اسم جزء/قسم العمل الحضارة القبطية ( 60 م - 2009 م ) .
رقم الجزء/قسم العمل المجلد الحادى و العشرون
اسم جزء/قسم العمل بلاد ارمينيا و المسيحية ( التراث و الحضارة ) .
رقم الجزء/قسم العمل المجلد الثانى و العشرون
اسم جزء/قسم العمل كفاح المسيحية الارمنية .
رقم الجزء/قسم العمل المجلد الثالث و العشرون
اسم جزء/قسم العمل الكنائس البروتستانتية و البدع الدينية .
رقم الجزء/قسم العمل المجلدالرابع و العشرون
اسم جزء/قسم العمل الفهرس العام .
250 ## - بيان الطبعة
بيان الطبعة ط1
260 ## - PUBLICATION, DISTRIBUTION, ETC. (IMPRINT)
تاريخ النشر أو التوزيع 2010 .
300 ## - الوصف المادى
التعداد 24 مج ؛
أبعاد الوعاء 24 سم .
650 04 - المدخل الاضافى بالموضوع-مصطلح موضوعى
مصطلح موضوعي المسيحية
التقسيم الفرعي العام تاريخ
650 04 - المدخل الاضافى بالموضوع-مصطلح موضوعى
مصطلح موضوعي المسيحية
التقسيم الفرعي العام مذاهب
650 04 - المدخل الاضافى بالموضوع-مصطلح موضوعى
مصطلح موضوعي المسيحية و الثقافة
650 04 - المدخل الاضافى بالموضوع-مصطلح موضوعى
مصطلح موضوعي الاسلام و المسيحية
650 04 - المدخل الاضافى بالموضوع-مصطلح موضوعى
مصطلح موضوعي المسيحية
التقسيم الفرعي الجغرافي الامبراطورية الرومانية
650 04 - المدخل الاضافى بالموضوع-مصطلح موضوعى
مصطلح موضوعي المسيحية
التقسيم الفرعي الجغرافي اوروبا
650 04 - المدخل الاضافى بالموضوع-مصطلح موضوعى
مصطلح موضوعي الحضارة السريانية
650 04 - المدخل الاضافى بالموضوع-مصطلح موضوعى
مصطلح موضوعي الحضارة المارونية
942 ## - عناصر المدخل الإضافي( كوها)
مصدر التصنيف او مخطط الترفيف Dewey Decimal Classification
Koha [default] item type كتاب
260 ## - PUBLICATION, DISTRIBUTION, ETC. (IMPRINT)
-- بيروت :
-- دار نوبليس ،
Holdings
حالة التراجع حالة الفقد حالة تلف ليس للاعارة المكان المؤقت الموقع الحالى تاريخ الاكتساب اجمالي اﻻعارات رقم الطلب الباركود تاريخ اخر مشاهدة تاريخ تفعيل السعر نوع وعاء كوها
        مكتبة القاهرة الكبرى مكتبة القاهرة الكبرى 04/14/2016   270.3\ ج م 161820 04/14/2016 04/14/2016 كتاب
        مكتبة القاهرة الكبرى مكتبة القاهرة الكبرى 04/14/2016   270.3\ ج م 161821 04/14/2016 04/14/2016 كتاب
        مكتبة القاهرة الكبرى مكتبة القاهرة الكبرى 04/14/2016   270.3\ ج م 161822 04/14/2016 04/14/2016 كتاب
        مكتبة القاهرة الكبرى مكتبة القاهرة الكبرى 04/14/2016   270.3\ ج م 161823 04/14/2016 04/14/2016 كتاب
        مكتبة القاهرة الكبرى مكتبة القاهرة الكبرى 04/14/2016   270.3\ ج م 161824 04/14/2016 04/14/2016 كتاب
        مكتبة القاهرة الكبرى مكتبة القاهرة الكبرى 04/14/2016   270.3\ ج م 161825 04/14/2016 04/14/2016 كتاب
        مكتبة القاهرة الكبرى مكتبة القاهرة الكبرى 04/14/2016   270.3\ ج م 161826 04/14/2016 04/14/2016 كتاب
        مكتبة القاهرة الكبرى مكتبة القاهرة الكبرى 04/14/2016   270.3\ ج م 161827 04/14/2016 04/14/2016 كتاب
        مكتبة القاهرة الكبرى مكتبة القاهرة الكبرى 04/14/2016   270.3\ ج م 161828 04/14/2016 04/14/2016 كتاب
        مكتبة القاهرة الكبرى مكتبة القاهرة الكبرى 04/14/2016   270.3\ ج م 161829 04/14/2016 04/14/2016 كتاب
        مكتبة القاهرة الكبرى مكتبة القاهرة الكبرى 04/14/2016   270.3\ ج م 161830 04/14/2016 04/14/2016 كتاب
        مكتبة القاهرة الكبرى مكتبة القاهرة الكبرى 04/14/2016   270.3\ ج م 161831 04/14/2016 04/14/2016 كتاب
        مكتبة القاهرة الكبرى مكتبة القاهرة الكبرى 04/14/2016   270.3\ ج م 161832 04/14/2016 04/14/2016 كتاب
        مكتبة القاهرة الكبرى مكتبة القاهرة الكبرى 04/14/2016   270.3\ ج م 161833 04/14/2016 04/14/2016 كتاب
        مكتبة القاهرة الكبرى مكتبة القاهرة الكبرى 04/14/2016   270.3\ ج م 161834 04/14/2016 04/14/2016 كتاب
        مكتبة القاهرة الكبرى مكتبة القاهرة الكبرى 04/14/2016   270.3\ ج م 161835 04/14/2016 04/14/2016 كتاب
        مكتبة القاهرة الكبرى مكتبة القاهرة الكبرى 04/14/2016   270.3\ ج م 161836 04/14/2016 04/14/2016 كتاب
        مكتبة القاهرة الكبرى مكتبة القاهرة الكبرى 04/14/2016   270.3\ ج م 161837 04/14/2016 04/14/2016 كتاب
        مكتبة القاهرة الكبرى مكتبة القاهرة الكبرى 04/14/2016   270.3\ ج م 161838 04/14/2016 04/14/2016 كتاب
        مكتبة القاهرة الكبرى مكتبة القاهرة الكبرى 04/14/2016   270.3\ ج م 161839 04/14/2016 04/14/2016 كتاب
        مكتبة القاهرة الكبرى مكتبة القاهرة الكبرى 04/14/2016   270.3\ ج م 161840 04/14/2016 04/14/2016 كتاب
        مكتبة القاهرة الكبرى مكتبة القاهرة الكبرى 04/14/2016   270.3\ ج م 161841 04/14/2016 04/14/2016 كتاب
        مكتبة القاهرة الكبرى مكتبة القاهرة الكبرى 04/14/2016   270.3\ ج م 161842 04/14/2016 04/14/2016 كتاب
        مكتبة القاهرة الكبرى مكتبة القاهرة الكبرى 04/14/2016   270.3\ ج م 161843 04/14/2016 04/14/2016 كتاب

Powered By

EGPV